[Event "POL-chT 2nd League"]
[Site "Jastrzebia Gora"]
[Date "2018.09.02"]
[Round "2.8"]
[White "Sondej, Dominik"]
[Black "Fiedorek, Michal"]
[Result "0-1"]
[WhiteElo "1875"]
[BlackElo "2186"]
[PlyCount "98"]
[EventDate "2018.09.01"]
[EventType "team-swiss"]
[EventRounds "9"]
[EventCountry "POL"]
[SourceTitle "CBM 186 Extra"]
[Source "ChessBase"]
[SourceDate "2018.08.24"]
[SourceVersion "1"]
[SourceVersionDate "2018.08.24"]
[SourceQuality "1"]
[WhiteTeam "Sedziszow Malopolski"]
[BlackTeam "Wroclaw Polonia"]
[WhiteTeamCountry "POL"]
[BlackTeamCountry "POL"]

1. Nf3 Nf6 2. g3 g6 3. Bg2 Bg7 4. 0-0 0-0 5. d4 d6 6. c4 Nc6 7. Nc3 Bg4 8. h3 Bxf3 9. Bxf3 Nd7 10. e3 e5 11. dxe5 Ndxe5 12. Be2 Kh8 13. Rb1 f5 14. e4 Nd4 15. f4 Nxe2+ 16. Qxe2 Nc6 17. Qd3 fxe4 18. Nxe4 Qd7 19. Kh2 Rae8 20. Bd2 d5 21. cxd5 Rf5 22. d6 Rh5 23. h4 Qe6 24. Rfe1 Rd5 25. Qc2 Nd4 26. Qd3 Qf5 27. Bc3 cxd6 28. Rbd1 Rc8 29. Ng5 Qg4 30. Kg2 Nf5 31. Qxd5 Qxg3+ 32. Kf1 Bxc3 33. bxc3 Qxf4+ 34. Qf3 Qxh4 35. Rd4 Qxg5 36. Rf4 Qf6 37. c4 Rf8 38. Kg1 Qg5+ 39. Qg4 Qxg4+ 40. Rxg4 Kg7 41. Rge4 h5 42. Re6 Rc8 43. R1e4 Kf7 44. Kh2 g5 45. Kg2 g4 46. a4 h4 47. Kh2 g3+ 48. Kg2 Rh8 49. Kh3 Rg8 0-1

[Event "Krakow op-B"]
[Site "Krakow"]
[Date "2005.12.30"]
[Round "4"]
[White "Zakoscielna, Kinga"]
[Black "Sondej, Dominik"]
[Result "1-0"]
[WhiteElo "1929"]
[BlackElo "2089"]
[PlyCount "63"]
[EventDate "2005.12.27"]
[EventType "swiss"]
[EventRounds "9"]
[EventCountry "POL"]
[SourceTitle "CBM 110 Extra"]
[Source "ChessBase"]
[SourceDate "2006.03.10"]
[SourceVersion "2"]
[SourceVersionDate "2006.03.10"]
[SourceQuality "1"]

1. e4 c5 2. Nf3 Nc6 3. d4 cxd4 4. Nxd4 g6 5. Nc3 Bg7 6. Be3 Nf6 7. Bc4 Qa5 8. 0-0 0-0 9. Bb3 d6 10. h3 Bd7 11. Kh2 Nxe4 12. Nxe4 Qe5+ 13. Ng3 Nxd4 14. c3 Nf5 15. Re1 Nxe3 16. Rxe3 Qf6 17. Rf3 Qg5 18. Qe2 Bc6 19. Re3 Rae8 20. Re1 Be5 21. Kg1 Bxg3 22. Rxg3 Qc5 23. h4 Qf5 24. h5 Qf4 25. hxg6 Kg7 26. gxf7+ Kh8 27. fxe8Q Rxe8 28. Qe6 Qf8 29. Bc2 b6 30. Rh3 Qg7 31. Qg6 Qxg6 32. Bxg6 1-0